000 00891cab a2200289 4500
001 ABS46270
008 090401t1992 xxu||||| |||| 00| 0 eng d
035 _a(Sirsi) u57485
041 _aeng
100 _aKosowatz, J.J.
245 _aGermany begins the costly reconstruction of its new states
260 _c1992
350 _a0
490 _aEngineering News Record
_v228(17) 27 April 1992, 24-26(3)
520 _aMore on the reconstruction of eastern Germany, concentrating on the cost of upgrading the infrastructure and the ambitions of foreign contractors to win work.
650 _aBERLIN
650 _aCOSTS
650 _aGERMANY
650 _aInfrastructure
_96246
650 _aRECONSTRUCTION
690 _aBUILDING AND CONSTRUCTION-PROJECTS
690 _aOVERSEAS-EUROPE
700 _aReina, P.
700 _aWidman, M.
942 _n0
948 _c04/03/1997
999 _c35062
_d35062